| 000 | 00623nam a2200217Ia 4500 | ||
|---|---|---|---|
| 003 | BUBTL | ||
| 008 | 151213s9999 xx 000 0 und d | ||
| 020 | _a0-07-283371-8 | ||
| 082 | _a 658.848 / CAI | ||
| 100 |
_aCateora, Philip R. _91367 |
||
| 245 |
_aInternational Marketing / _cPhilip R. Cateora, John L. Graham |
||
| 250 | _a12th ed. | ||
| 260 |
_aNew York : _bMcGraw-Hill, _cc2002. |
||
| 300 |
_axxv, 693 p. : _bill. ; _c24 cm. |
||
| 500 | _aIncludes Index | ||
| 650 |
_aMarketing _92517 |
||
| 700 |
_aGraham,John L. _91368 |
||
| 856 |
_k0 _l0 _yDownload |
||
| 942 |
_2ddc _cBK |
||
| 999 |
_c6178 _d6178 |
||